000 00316nab a22001097u 4500
008 130520b2000 xxu||||| |||| 00| 0 spa d
041 _aspa
100 1 _aHunt, Mary E.
_946066
245 0 0 _aDios se ríe a carcajadas
_cMary E. Hunt
773 0 _tConcilium
_gnº287,2000,págs. 119-120
_x0210-1041
_wRev134
942 _cAR
999 _c355857
_d355857